000 00656nam a2200193 i 4500
001 13299
003 ES-MaACL
005 20230906150537.0
007 t|
008 980127s1997 sp ||||1| spa d
020 _a84-88973-54-3
080 _a347.235.11(460)
245 0 3 _aLa evolución del derecho registral inmobiliario en los últimos cincuenta años.
260 _aMadrid :
_bColegio de Registradores de la Propiedad,
_c[1997]
300 _a497 p. ;
_c23 cm.
650 4 _aRegistro de la propiedad-
_zEspaña.
_916759
710 2 _aColegio de Registradores de la Propiedad y Mercantiles de España.
_92938
852 _aES-MaACL
_jL-20617
_bR.126394
999 _c13299
_d13299